000
00333 a2200145 4500
001
154288
040
_c
Escola São Tomás de Aquino
100
_a
SABINO, Fernando
240
1
0
_a
A árvore generosa
_l
por
245
1
0
_a
A árvore generosa
362
0
_a
2006
440
1
_a
Cosac Naify
697
_a
*LITERATURA INFANTO
942
_c
BK
999
_c
154288
_d
154288